Engineering Drawing (Record no. 53312)

MARC details
000 -LEADER
fixed length control field 00373nam a2200145Ia 4500
008 - FIXED-LENGTH DATA ELEMENTS--GENERAL INFORMATION
fixed length control field 220610s9999 xx 000 0 und d
082 ## - DEWEY DECIMAL CLASSIFICATION NUMBER
Classification number 621.08
Item number SHA
100 ## - MAIN ENTRY--PERSONAL NAME
Personal name "Shah, P.J."
9 (RLIN) 129179
245 ## - TITLE STATEMENT
Title Engineering Drawing
250 ## - EDITION STATEMENT
Edition statement 1st
260 ## - PUBLICATION, DISTRIBUTION, ETC. (IMPRINT)
Place of publication, distribution, etc. Ahmedabad
Name of publisher, distributor, etc. C.Jamnadas & Co.
Date of publication, distribution, etc. 1988
300 ## - PHYSICAL DESCRIPTION
Extent 589 P.
Other physical details HB
500 ## - GENERAL NOTE
Keywords Doneted by Milind Kukade
906 ## - LOCAL DATA ELEMENT F, LDF (RLIN)
a 0
b ALIED
Holdings
Withdrawn status Lost status Damaged status Not for loan Home library Current library Date acquired Vendor Cost, normal purchase price Total Checkouts Full call number Barcode Date last seen Date last checked out Cost, replacement price Bill Date Koha item type Original Barcode
        Cummins College of Engineering for Women Nagpur Cummins College of Engineering for Women Nagpur 07/07/2016 Donar 515.00 1 621.08/SHA CEWN-DB-163 29/01/2026 19/01/2026 515.00 10/06/2022 Donated Book D00163